000
00307nam a22001337a 4500
008
260420b ||||| |||| 00| 0 eng d
020
_a
9780072123333
041
_a
eng
080
_a
1.1
100
_a
19
101
_a
Shki
245
_a
Get Linux Certified & Get Ahead
_c
Anne Martinez
942
_2
udc
_c
BK
999
_c
60980
_d
60980